000 01789cam a22004577a 4500
003 CHAP
005 20220329142825.0
008 040524ss004 mx ad r 00010 spa d
010 _a88310
011 _a89282
035 _a99833
040 _cCHAP
090 _aTesis
100 0 0 _aSantos Cortés, María del Rosario.
_9102463
245 1 0 _aSincronización de estros en la oveja Pelibuey:
_befecto de la frecuencia de aplicación del líquido folicular equino
_c/por María del Rosario Santos Cortés y Alberta Huerta Sánchez
260 _aChapingo, Méx. :
_bEl autor,
_c2004
300 _a52 h. :
_bilus. ; cuadros
502 _aTesis (Ing. Agr. Esp. en Zootecnia) -- UACH. Departamento de Zootecnia
530 _aTambién disponible en línea
590 _aALEPH
_b10
_c20130110
_lUCH01
_h1457
590 _aBATCH-UPD
_b10
_c20130110
_lUCH01
_h0553
590 _aBATCH-UPD
_b10
_c20130410
_lUCH01
_h0235
590 _aBATCH-UPD
_b10
_c20130914
_lUCH01
_h0700
590 _aBATCH-UPD
_b10
_c20140324
_lUCH01
_h1443
590 _aBATCH-UPD
_b10
_c20141002
_lUCH01
_h0821
590 _aCONVERSION
_b10
_c20130109
_lUCH01
_h1349
650 1 4 _aBorrego Pelibuey.
_913937
650 1 4 _aCiclo estrual.
_923072
650 1 4 _aGanado lanar
_xFecundidad.
_945181
650 1 4 _aGanado lanar
_xReproducción.
_945220
650 1 4 _aInseminación artificial.
_958964
650 1 4 _aProgesterona.
_992245
650 1 4 _aSincronización del celo.
_9106556
700 0 _aHuerta Sánchez, Alberta.
_956713
856 _3Finding aid
_uhttp://10.13.5.2/tesis/99833.pdf
_zTeclea aqui
901 _aBK
905 _aMarco A. Mendoza T.
942 _cFOLL
949 _aTesis
_bBC
_cTES
_d33724000909727
_eTS2
_fc.2
_gDonaciØn
_h41834
_i99833
_sb
949 _aTesis
_bBC
_cTES
_d998331
_eTS1
_gDonaciØn
_h41833
_i99833
_sb
999 _c88310
_d88310